|
|
|
|
| LEADER |
00000nam0a2200000 4500 |
| 001 |
36628 |
| 005 |
20231031002238.0 |
| 035 |
|
|
|a (RuTPU)RU\TPU\book\37104
|
| 035 |
|
|
|a BOOK00003756
|
| 090 |
|
|
|a 36628
|
| 100 |
|
|
|a 20011210d1979 m y0rusy50 ca
|
| 101 |
0 |
|
|a rus
|
| 102 |
|
|
|a RU
|
| 105 |
|
|
|a a j 001zy
|
| 200 |
1 |
|
|a Экономика, организация и планирование нефтегазоразведочных работ
|e учебник
|f В. Е. Тищенко
|
| 205 |
|
|
|a 3-е изд., перераб. и доп.
|
| 210 |
|
|
|a Москва
|c Недра
|d 1979
|
| 215 |
|
|
|a 328 с.
|c ил.
|
| 320 |
|
|
|a Библиогр.: с. 324-325 (37 назв.).
|
| 610 |
1 |
|
|a нефть
|
| 610 |
1 |
|
|a газ
|
| 610 |
1 |
|
|a месторождения
|
| 610 |
1 |
|
|a поиски
|
| 610 |
1 |
|
|a разведка
|
| 610 |
1 |
|
|a геологоразведочные работы
|
| 610 |
1 |
|
|a экономика
|
| 610 |
1 |
|
|a организация
|
| 610 |
1 |
|
|a планирование
|
| 610 |
1 |
|
|a учет
|
| 610 |
1 |
|
|a отчетность
|
| 610 |
1 |
|
|a учебные пособия
|
| 675 |
|
|
|a 553.98.08(075.32)
|v 3
|
| 700 |
|
1 |
|a Тищенко
|b В. Е.
|g Виктор Елисеевич
|
| 801 |
|
0 |
|a RU
|b 63413507
|c 20011210
|g PSBO
|
| 801 |
|
2 |
|a RU
|b 63413507
|c 20160919
|g PSBO
|
| 900 |
|
|
|a Организация и планирование производства. Основы менеджмента
|
| 900 |
|
|
|a Экономика нефтегазовой отрасли
|
| 900 |
|
|
|a Основы экономической деятельности предприятий нефтегазового комплекса
|
| 942 |
|
|
|c BK
|